|
|
|
|
| LEADER |
01038nam a2200301 4500 |
| 001 |
DLU210195571 |
| 005 |
##20210108 |
| 040 |
# |
# |
|a DLU
|b vie
|
| 041 |
# |
# |
|a vie
|
| 044 |
# |
# |
|a vn
|
| 100 |
# |
# |
|a Nguyễn Minh Thành.
|
| 245 |
# |
# |
|a Đánh giá ảnh hưởng của quá trình gia hóa lên sự đa dạng di truyền của quần đàn tôm càng xanh (Macrobrachium Rosenbergii) phục vụ chương trình chọn giống ở Việt Nam /
|c Nguyễn Minh Thành, Peter Mather.
|
| 653 |
# |
# |
|a Đa dạng di truyền
|
| 653 |
# |
# |
|a Gia hóa
|
| 653 |
# |
# |
|a Macrobrachium rosenbergii
|
| 653 |
# |
# |
|a Microsatellite
|
| 653 |
# |
# |
|a Tôm càng xanh
|
| 700 |
# |
# |
|a Mather, Peter.
|
| 773 |
# |
# |
|t Tạp chí Công nghệ Sinh học
|g Số 15(2), 2017, tr. 267-275
|
| 920 |
# |
# |
|a Phòng Tạp chí -- Trung tâm Thông tin - Thư viện Trường Đại học Đà Lạt
|
| 994 |
# |
# |
|a DLU
|
| 900 |
# |
# |
|a True
|
| 911 |
# |
# |
|a Hoàng Thị Huyền
|
| 925 |
# |
# |
|a G
|
| 926 |
# |
# |
|a A
|
| 927 |
# |
# |
|a BB
|
| 980 |
# |
# |
|a Thư viện Trường Đại học Đà Lạt
|